LEADER 01060nam a2200217 u 4500 001 000000110125 003 CaOOAMICUS 005 20080227115307.0 008 080227s1929 fr u000 u fre u 040 $aPUL$bita$dLDB 100 1 $aValdour, Jacques.$0(OLS)http://pul/name/67475 245 10$aLibéraux, socialistes catholiques sociaux :$bétude historique et critique sur les principales méthodes de la science sociale au XIXe siècle /$cpar Jacques Valdour. 260 $aParis :$bRousseau,$c1929. 300 $a368 p. ;$c23 cm. 504 $aInclude riferimenti bibliografici. 650 14$aSociologia$xMetodologia.$0(OLS)http://pul/subject/16125 850 $aPUL 852 $aPUL$W1$xDP1 Cons. Gen., Altre Classi 1$y22$m843 B 12$j126128$qStampati$B124856$CPULBib$Z2$F124856 $82 941 1 $a8 996 $6245$aLibéraux, socialistes catholiques sociaux :$bétude historique et critique sur les principales méthodes de la science sociale au XIXe siècle$9(OLS)http://pul/title/138469 996 $6260$aParis :$bRousseau$9(OLS)http://pul/publisher/62622 LEADER 01084nam a2200289 a 4500 001 000000133752 003 CaOOAMICUS 005 20130506140355.0 008 130506s2008 it u000 u ita r 020 $a978-88-213-0689-1 040 $aPUL$bita 082 04$a175 100 1 $aGatti, Guido.$0(OLS)http://pul/name/35564 245 10$aEtica della comunicazione /$cGuido Gatti ; a cura di Mario Toso. 260 $aRoma :$bLAS,$c©2008. 300 $a208 p. ;$c21 cm 504 $aBibliografia in nota. 650 4$aEtica e comunicazione.$0(OLS)http://pul/subject/39096 700 0 $aToso, Mario.$0(OLS)http://pul/name/57528 850 $aPUL 852 $aPUL$W1$xSL Filosofia 3$y81$m175 GATGU 1$j153726$qDDC 21$B153301$CPULBib$Z2$F153301 $H122319 $82 941 1 $a9 996 $6020$a978-88-213-0689-1$9(OLS)http://pul/number/152582 996 $6082$a175$9(OLS)http://pul/classification/2327 996 $6245$aEtica della comunicazione$9(OLS)http://pul/title/113006 996 $6260$aRoma :$bLAS$9(OLS)http://pul/publisher/48069